000
00278nam a22001337a 4500
008
170328b xxu||||| |||| 00| 0 eng d
020
_a
9780073523781
041
_a
eng
080
_a
796.3
100
_a
8
101
_a
shm
245
_a
VOLEYBALL
_c
BERTOLI, J
942
_2
udc
_c
BK
999
_c
8780
_d
8780